000 00600nam a22001697a 4500
003 BD-DhUL
005 20190325114130.0
008 190325s1979 nyua|||| |||| 00| 0 eng d
040 _aBD-DhUL
_cBD-DhUL
082 _a341.23
_bUNU
110 1 _aUnited Nations. Economic Commission for Europe.
245 0 _aUN/ ECE arbitration rules :
_bfor certain categories of perishable agricultural products/
_cUnited Nations. Economic Commission for Europe.
260 _aNew York :
_bUnited Nations,
_c1979.
300 _a[2], 51 p. :
_bill. ;
_c21 cm.
610 0 _aUnited Nations.
942 _2ddc
_cBK
999 _c246777
_d246777